Justice in India. (Record no. 85285)

MARC details
000 -LEADER
fixed length control field 00558cam a2200217 4500
001 - CONTROL NUMBER
control field sa 68013715
003 - CONTROL NUMBER IDENTIFIER
control field DLC
005 - DATE AND TIME OF LATEST TRANSACTION
control field 20260227112624.0
008 - FIXED-LENGTH DATA ELEMENTS--GENERAL INFORMATION
fixed length control field 691204s1967 ii 000 0 eng
010 ## - LIBRARY OF CONGRESS CONTROL NUMBER
LC control number sa 68013715
025 ## - OVERSEAS ACQUISITION NUMBER
Overseas acquisition number PL480:I-E-10998
040 ## - CATALOGING SOURCE
Original cataloging agency DLC
Transcribing agency DLC
Modifying agency DLC
050 00 - LIBRARY OF CONGRESS CALL NUMBER
Classification number KNS443
Item number .D37 1967
082 00 - DEWEY DECIMAL CLASSIFICATION NUMBER
Classification number 340/.0954
100 1# - MAIN ENTRY--PERSONAL NAME
Personal name Dāsa, Gobinda,
Dates associated with a name 1929-
245 10 - TITLE STATEMENT
Title Justice in India.
260 ## - PUBLICATION, DISTRIBUTION, ETC.
Place of publication, distribution, etc. Cuttack,
Name of publisher, distributor, etc. Shangon & Shangon,
Date of publication, distribution, etc. 1967.
300 ## - PHYSICAL DESCRIPTION
Extent 197 p.
Dimensions 25 cm.
350 ## - PRICE (NR) (BK AM CF MU VM SE) [OBSOLETE]
Price 20.00
650 #0 - SUBJECT ADDED ENTRY--TOPICAL TERM
Topical term or geographic name entry element Justice, Administration of
Geographic subdivision India.

No items available.

Powered by Koha